[Event "Torneo Nuevo Centro. Jornada 7"]
[Site "Chess.com"]
[Date "2020.07.31"]
[Round "5"]
[White "Ríos Valle, Daniel"]
[Black "Valverde Alcaide, Miguel Alejandro"]
[Result "1-0"]
[WhiteElo "1204"]
[BlackElo "875"]
[PlyCount "127"]
[EventDate "2020.??.??"]

1. e4 e5 2. Nf3 Nc6 3. Bb5 Qe7 4. Bxc6 dxc6 5. O-O Bg4 6. h3 Bxf3 7. Qxf3 O-O-O
8. d3 Kb8 9. Nc3 g5 10. Qg3 Bh6 11. Be3 Nf6 12. h4 gxh4 13. Qxh4 Bxe3 14. fxe3
Rdg8 15. Qxf6 Qxf6 16. Rxf6 Rg7 17. Kf2 Rhg8 18. Rg1 b6 19. Rf5 h6 20. Rxe5 f6
21. Re6 h5 22. Rxf6 h4 23. Rh6 Rf8+ 24. Ke2 Rg4 25. e5 Kb7 26. e6 Re8 27. d4
Rgg8 28. Rxh4 Rxe6 29. Kd3 Rge8 30. Rh3 Ka6 31. g4 b5 32. g5 Kb7 33. g6 Rg8 34.
Rh7 Kc8 35. g7 Re7 36. Ne4 Rexg7 37. Rhxg7 Rxg7 38. Rxg7 Kd8 39. Kc3 Kc8 40.
Kb4 Kb7 41. d5 Kb6 42. dxc6 a5+ 43. Kc3 Kxc6 44. Rg6+ Kd5 45. Nf2 c5 46. Rg5+
Kc6 47. Nd3 b4+ 48. Kc4 Kb6 49. Rxc5 Ka6 50. Ne5 Kb6 51. c3 bxc3 52. bxc3 a4
53. Nd3 a3 54. Rd5 Kc6 55. e4 Kc7 56. e5 Kb6 57. e6 Kc7 58. e7 Kc8 59. e8=Q+
Kc7 60. Qe7+ Kc6 61. Qd6+ Kb7 62. Rb5+ Ka7 63. Qb6+ Ka8 64. Qa6# 1-0

[Event "Torneo Nuevo Centro. Jornada 7"]
[Site "Chess.com"]
[Date "2020.07.31"]
[Round "5"]
[White "Macias Pino, Diego"]
[Black "Jordan Martinez, Miguel"]
[Result "1-0"]
[WhiteElo "2221"]
[BlackElo "1934"]
[PlyCount "143"]
[EventDate "2020.??.??"]

1. d4 e6 2. Nf3 d5 3. c4 Nf6 4. cxd5 exd5 5. Bg5 Be7 6. Nc3 c6 7. e3 O-O 8. Bd3
Bg4 9. Qc2 Nbd7 10. Ne5 h6 11. Nxg4 Nxg4 12. Bf4 Bg5 13. Bxg5 Qxg5 14. O-O Rfe8
15. h3 Ngf6 16. b4 b5 17. a4 a6 18. Ra2 Nb6 19. Rfa1 Rac8 20. axb5 axb5 21. Ra6
Nc4 22. Nd1 Re6 23. Ra8 Ree8 24. Rxc8 Rxc8 25. Ra6 g6 26. Qa2 Kg7 27. Ra8 Rc7
28. Rb8 Nd7 29. Re8 Ndb6 30. Qe2 Nd6 31. Rb8 Nd7 32. Ra8 Nb6 33. Rb8 Nbc4 34.
Qa2 Nf5 35. Qa8 Qe7 36. Re8 Ra7 37. Rxe7 Rxa8 38. Bxf5 gxf5 39. Nc3 Ra3 40. Ne2
Rb3 41. Nf4 Rxb4 42. Rc7 Na5 43. Ra7 Ra4 44. Ne6+ Kf6 45. Nc5 Ra1+ 46. Kh2 Nb3
47. Rc7 Nxc5 48. dxc5 Ke5 49. Rxc6 d4 50. exd4+ Kxd4 51. Rf6 b4 52. Rxf7 b3 53.
Rb7 Kc3 54. c6 Ra8 55. c7 Rc8 56. Kg3 b2 57. Kf4 Kc2 58. Kxf5 b1=Q 59. Rxb1
Kxb1 60. g4 Rxc7 61. f4 Kc2 62. g5 h5 63. g6 Kd3 64. Ke5 Rc5+ 65. Ke6 Rc6+ 66.
Kf5 Ke3 67. Kg5 Ke4 68. g7 Rc8 69. f5 Ke5 70. f6 Ke6 71. Kg6 Rg8 72. f7 1-0

[Event "Torneo Nuevo Centro. Jornada 7"]
[Site "Chess.com"]
[Date "2020.07.31"]
[Round "5"]
[White "Alvarez Usina, Jordi"]
[Black "Morata Briones, Carlos"]
[Result "1/2-1/2"]
[WhiteElo "1335"]
[BlackElo "965"]
[PlyCount "142"]
[EventDate "2020.??.??"]

1. d4 d5 2. Bf4 Nf6 3. e3 Ne4 4. Bd3 Nc6 5. c3 f6 6. Nd2 e5 7. Nxe4 exf4 8. Nd2
fxe3 9. fxe3 Qe7 10. Qe2 h5 11. h3 h4 12. Ngf3 f5 13. O-O-O f4 14. Rde1 fxe3
15. Nb3 Qe6 16. Qf1 Bd6 17. Re2 O-O 18. Qe1 Bf4 19. Na1 Re8 20. Qxh4 g5 21.
Nxg5 Qf6 22. Qh7+ Kf8 23. Nf3 Qh6 24. Qxh6+ Bxh6 25. Rhe1 Bd7 26. Nc2 Re7 27.
Kb1 Rae8 28. a3 a6 29. Ne5 Nxe5 30. dxe5 Rxe5 31. Rf1+ Kg8 32. Rf3 Rf8 33. Nxe3
Rxf3 34. gxf3 Rxe3 35. Rxe3 Bxe3 36. Kc2 Be6 37. h4 Bh6 38. h5 c6 39. Bg6 Kg7
40. Kd3 Kf6 41. b4 Bf5+ 42. Bxf5 Kxf5 43. Ke2 Kg5 44. Kd3 Kxh5 45. Kd4 Kg6 46.
Kc5 Kf7 47. c4 dxc4 48. Kxc4 Ke7 49. Kc5 Kd7 50. a4 Kc7 51. a5 Be3+ 52. Kc4 Bf4
53. Kd3 b6 54. axb6+ Kxb6 55. Ke4 Bh6 56. Kd3 Bf4 57. Kc4 a5 58. bxa5+ Kxa5 59.
Kc5 Ka4 60. Kxc6 Kb4 61. Kd5 Kc3 62. Ke4 Bh6 63. f4 Bg7 64. f5 Kc4 65. Kf4 Kd5
66. Kg5 Kd6 67. Kg6 Bf8 68. f6 Kd7 69. f7 Ke7 70. Kf5 Kd7 71. Kg6 Ke7 1/2-1/2

[Event "Torneo Nuevo Centro. Jornada 7"]
[Site "Chess.com"]
[Date "2020.07.31"]
[Round "6"]
[White "Soler Nadal, Jose Antonio"]
[Black "Ríos Valle, Daniel"]
[Result "1-0"]
[WhiteElo "1557"]
[BlackElo "1201"]
[PlyCount "23"]
[EventDate "2020.??.??"]

1. d4 Nf6 2. Bf4 e6 3. e3 Nc6 4. Nd2 Nh5 5. Qxh5 g6 6. Qd1 Bg7 7. Ngf3 d6 8. c3
Bd7 9. Bd3 Qe7 10. Qc2 Qf6 11. Bg5 Qxg5 12. Nxg5 1-0

[Event "Torneo Nuevo Centro. Jornada 7"]
[Site "Chess.com"]
[Date "2020.07.31"]
[Round "6"]
[White "Carbonell Bofill, Carlos Eloy"]
[Black "Soliva Ruiz, Ramon"]
[Result "1-0"]
[WhiteElo "1971"]
[BlackElo "1468"]
[PlyCount "27"]
[EventDate "2020.??.??"]

1. e4 c5 2. Nf3 e6 3. c4 Nc6 4. Nc3 Be7 5. d4 cxd4 6. Nxd4 a6 7. Be3 Qc7 8. Bd3
Nf6 9. O-O b6 10. Rc1 Bb7 11. Nd5 exd5 12. cxd5 Qd8 13. dxc6 dxc6 14. Nxc6 1-0

[Event "Torneo Nuevo Centro. Jornada 7"]
[Site "Chess.com"]
[Date "2020.07.31"]
[Round "6"]
[White "Miranda Calvo, Max Rodrigo"]
[Black "Vaquer Querol, Daniel"]
[Result "0-1"]
[WhiteElo "1304"]
[BlackElo "1581"]
[PlyCount "55"]
[EventDate "2020.??.??"]

1. e4 c6 2. c4 d5 3. cxd5 cxd5 4. e5 Nc6 5. Nf3 Bg4 6. d4 e6 7. Be2 Bxf3 8.
Bxf3 Qb6 9. Nc3 Qxd4 10. Qxd4 Nxd4 11. Be2 Nc2+ 12. Kd2 Nxa1 13. b3 Bb4 14. Bb2
d4 15. Bb5+ Kd8 16. Bxa1 Bxc3+ 17. Bxc3 dxc3+ 18. Kxc3 Rc8+ 19. Bc4 b5 20. Rd1+
Ke7 21. Rd6 bxc4 22. bxc4 Nh6 23. Ra6 Rc7 24. f4 Rhc8 25. Kb3 Rxc4 26. Rxa7+
R8c7 27. Rxc7+ Rxc7 28. g3 0-1

[Event "Torneo Nuevo Centro. Jornada 7"]
[Site "Chess.com"]
[Date "2020.07.31"]
[Round "6"]
[White "Bendayán Claros, Aaron"]
[Black "Lopez Mateo, Juan Carlos"]
[Result "0-1"]
[WhiteElo "2016"]
[BlackElo "2334"]
[PlyCount "34"]
[EventDate "2020.??.??"]

1. d4 Nf6 2. Bg5 Ne4 3. Bf4 c5 4. c3 Qb6 5. Qb3 cxd4 6. Qxb6 axb6 7. cxd4 Nc6
8. Nd2 Nxd4 9. Rc1 d5 10. Nxe4 dxe4 11. e3 Ne6 12. Bg3 Bd7 13. a3 Nc5 14. Bc7
Rc8 15. Bxb6 Nd3+ 16. Bxd3 Rxc1+ 17. Kd2 Rc6 0-1

[Event "Torneo Nuevo Centro. Jornada 7"]
[Site "Chess.com"]
[Date "2020.07.31"]
[Round "6"]
[White "Donate Peris, Jose Manuel"]
[Black "Fitzpatrick Dimas, Andrew"]
[Result "1-0"]
[WhiteElo "1532"]
[BlackElo "1149"]
[PlyCount "31"]
[EventDate "2020.??.??"]

1. d4 d5 2. c4 dxc4 3. e3 Bf5 4. Bxc4 Nf6 5. Nc3 Nc6 6. a3 e6 7. Nf3 Be4 8.
Nxe4 Nxe4 9. O-O f5 10. Nd2 Nxd2 11. Bxd2 a5 12. Bxe6 Qd6 13. Bxf5 Qd5 14. Qh5+
g6 15. Bxg6+ hxg6 16. Qxd5 1-0

[Event "Torneo Nuevo Centro. Jornada 7"]
[Site "Chess.com"]
[Date "2020.07.31"]
[Round "6"]
[White "Galiana Fernández, Héctor"]
[Black "Beneyto de Ramon, Guillermo"]
[Result "0-1"]
[WhiteElo "1305"]
[BlackElo "1611"]
[PlyCount "24"]
[EventDate "2020.??.??"]

1. e4 Nf6 2. e5 Nd5 3. d4 d6 4. Nf3 dxe5 5. Nxe5 c6 6. c4 Nb6 7. Be3 Bf5 8. Qh5
g6 9. Qf3 Bg7 10. g4 Be6 11. Nc3 N8d7 12. Nd3 Nxc4 0-1

[Event "Torneo Nuevo Centro. Jornada 7"]
[Site "Chess.com"]
[Date "2020.07.31"]
[Round "6"]
[White "Garcia, Jhoel"]
[Black "Castellano López, Javier"]
[Result "1-0"]
[WhiteElo "2400"]
[BlackElo "1901"]
[PlyCount "53"]
[EventDate "2020.??.??"]

1. g3 d5 2. Bg2 Nf6 3. c4 e6 4. d4 Be7 5. Nf3 O-O 6. O-O c6 7. b3 b6 8. Bb2 Bb7
9. Nc3 Nbd7 10. Rc1 Rc8 11. Qd3 c5 12. cxd5 Nxd5 13. Nxd5 Bxd5 14. e4 Bb7 15.
d5 Nf6 16. Rfd1 exd5 17. exd5 Nxd5 18. Ne5 f6 19. Nc4 b5 20. Ne3 Nxe3 21. Qxe3
Qc7 22. Qe6+ Kh8 23. Rd7 Qa5 24. Qxe7 Rg8 25. Bxf6 Rce8 26. Bxg7+ Rxg7 27.
Qxg7# 1-0

[Event "Torneo Nuevo Centro. Jornada 7"]
[Site "Chess.com"]
[Date "2020.07.31"]
[Round "6"]
[White "Aymerich Rosell, Pablo"]
[Black "Pardo Ruiz, Carlos"]
[Result "0-1"]
[WhiteElo "1955"]
[BlackElo "1748"]
[PlyCount "62"]
[EventDate "2020.??.??"]

1. e4 Nf6 2. e5 Nd5 3. d4 d6 4. c4 Nb6 5. exd6 exd6 6. Nc3 Nc6 7. d5 Ne5 8. f4
Ng6 9. Nf3 Be7 10. Bd3 O-O 11. O-O Bf6 12. Ne4 Bf5 13. Nxf6+ Qxf6 14. Bxf5 Qxf5
15. b3 Qf6 16. Be3 Rfe8 17. Bd4 Qxf4 18. Ne5 Qe4 19. Nxf7 Rf8 20. Bxb6 axb6 21.
Re1 Qh4 22. g3 Qf6 23. Nh6+ gxh6 24. Re6 Qg7 25. a4 Rae8 26. Qe1 Rxe6 27. Qxe6+
Kh8 28. Re1 Qd4+ 29. Kg2 Kg7 30. Qd7+ Rf7 31. Qg4 Qxg4 0-1

[Event "Torneo Nuevo Centro. Jornada 7"]
[Site "Chess.com"]
[Date "2020.07.31"]
[Round "6"]
[White "Luque Saiz, Andrés"]
[Black "Kovacevic, Slobodan"]
[Result "0-1"]
[WhiteElo "2018"]
[BlackElo "2200"]
[PlyCount "45"]
[EventDate "2020.??.??"]

1. e4 c5 2. Nf3 e6 3. Nc3 a6 4. d4 cxd4 5. Nxd4 Qc7 6. g3 Bb4 7. Bd2 Be7 8. Bg2
Nf6 9. O-O O-O 10. a4 d6 11. a5 Nbd7 12. Na4 Rb8 13. f4 Nc5 14. Qe2 e5 15. Nb3
Nxa4 16. Rxa4 Qxc2 17. Qd1 Qxb2 18. Bc1 Qc3 19. Rf3 Qc6 20. Nd2 Bg4 21. fxe5
Bxf3 22. Nxf3 dxe5 23. Qe1 0-1

[Event "Torneo Nuevo Centro. Jornada 7"]
[Site "Chess.com"]
[Date "2020.07.31"]
[Round "6"]
[White "Rabbani Perez, Oumaima"]
[Black "Perrot, Fabien"]
[Result "0-1"]
[WhiteElo "625"]
[BlackElo "965"]
[PlyCount "50"]
[EventDate "2020.??.??"]

1. e3 e5 2. Bc4 Nf6 3. Nf3 e4 4. Ne5 d5 5. Bb3 Bd6 6. Bxd5 Nxd5 7. Ng4 Bxg4 8.
Qxg4 O-O 9. Qxe4 c6 10. Rg1 Nf6 11. Qb4 Bxb4 12. c3 Bd6 13. b3 Bxh2 14. Rh1 Be5
15. Kf1 Na6 16. Ba3 Bd6 17. Rh3 Bxa3 18. Nxa3 Qxd2 19. Re1 Qxa2 20. Nc4 Qxb3
21. Nd6 Qxc3 22. Nf5 Qd3+ 23. Re2 Qxf5 24. Rh2 Rad8 25. Ke1 Qb1# 0-1

[Event "Torneo Nuevo Centro. Jornada 7"]
[Site "Chess.com"]
[Date "2020.07.31"]
[Round "6"]
[White "Marques Montolio, Luis"]
[Black "Gutierrez Marco, Dario"]
[Result "0-1"]
[WhiteElo "1421"]
[BlackElo "1829"]
[PlyCount "68"]
[EventDate "2020.??.??"]

1. e4 d6 2. d4 Nf6 3. Bd3 e5 4. c3 Be7 5. Nf3 Nbd7 6. O-O O-O 7. Bg5 c6 8. Re1
b6 9. Nbd2 a6 10. Nf1 b5 11. Ng3 Qc7 12. a4 Bb7 13. Qd2 c5 14. Nf5 Bd8 15. d5
c4 16. Bc2 Nc5 17. Qd1 g6 18. Nh6+ Kg7 19. Qc1 Rc8 20. h3 Nh5 21. Bxd8 Qxd8 22.
Ng5 Nf4 23. h4 Kxh6 24. g3 Nfd3 25. Bxd3 Nxd3 26. Qe3 Kg7 27. h5 f5 28. h6+ Kg8
29. exf5 Rxf5 30. Ne6 Qf6 31. Re2 Bxd5 32. g4 Qh4 33. f3 Rxf3 34. Rh2 Qg3+ 0-1

[Event "Torneo Nuevo Centro. Jornada 7"]
[Site "Chess.com"]
[Date "2020.07.31"]
[Round "6"]
[White "Gómez Alonso, Óscar"]
[Black "Macias Pino, Diego"]
[Result "0-1"]
[WhiteElo "1856"]
[BlackElo "2223"]
[PlyCount "60"]
[EventDate "2020.??.??"]

1. d4 d5 2. c4 dxc4 3. e3 Nf6 4. Bxc4 a6 5. Nc3 b5 6. Bb3 Bb7 7. Nf3 e6 8. O-O
Be7 9. Bc2 Nbd7 10. a3 c5 11. e4 cxd4 12. Qxd4 Bc5 13. Qd3 Qc7 14. Bg5 Ne5 15.
Nxe5 Qxe5 16. Bh4 O-O 17. Kh1 Rfd8 18. Qe2 Bd4 19. f4 Qc5 20. Bxf6 Bxf6 21. e5
Be7 22. Ne4 Qc7 23. Rad1 g6 24. Rxd8+ Rxd8 25. Rd1 Bd5 26. Nf6+ Bxf6 27. exf6
Qxf4 28. Rf1 Qg5 29. Qf2 Ba8 30. Qb6 Qxg2# 0-1

[Event "Torneo Nuevo Centro. Jornada 7"]
[Site "Chess.com"]
[Date "2020.07.31"]
[Round "6"]
[White "Perez Garcia, Jose Miguel"]
[Black "Chernikov, Vladimir"]
[Result "1/2-1/2"]
[WhiteElo "2047"]
[BlackElo "2209"]
[PlyCount "68"]
[EventDate "2020.??.??"]

1. g3 c5 2. Bg2 Nc6 3. e4 g6 4. Ne2 Bg7 5. O-O e6 6. c3 Nge7 7. d4 cxd4 8. cxd4
d5 9. exd5 Nxd5 10. Nbc3 O-O 11. Nxd5 exd5 12. Be3 Be6 13. Qb3 Qb6 14. Qxb6
axb6 15. Nf4 Nxd4 16. Nxd5 Ne2+ 17. Kh1 Bxd5 18. Bxd5 Bxb2 19. Rae1 Nc3 20.
Bxb7 Rxa2 21. Bh6 Rb8 22. Re7 Ra1 23. Rxa1 Bxa1 24. Bf4 Rd8 25. Be5 Bb2 26. Kg2
b5 27. Bc7 Rf8 28. Be5 Na4 29. Bc6 Bxe5 30. Rxe5 Nb6 31. Rxb5 Nc8 32. Rb8 Ne7
33. Rxf8+ Kxf8 34. Be4 Kg7 1/2-1/2

[Event "Torneo Nuevo Centro. Jornada 7"]
[Site "Chess.com"]
[Date "2020.07.31"]
[Round "6"]
[White "Martínez Escandell, Alfonso"]
[Black "Pedros Viudes, Santiago"]
[Result "0-1"]
[WhiteElo "1780"]
[BlackElo "1934"]
[PlyCount "66"]
[EventDate "2020.??.??"]

1. e4 e6 2. Qe2 Be7 3. g3 d5 4. exd5 exd5 5. Bg2 Nf6 6. d4 O-O 7. Nf3 Re8 8.
O-O Nc6 9. Bg5 Ne4 10. Bxe7 Rxe7 11. Qd1 Bg4 12. c3 Qd7 13. Qd3 Rae8 14. Nbd2
Bh3 15. Nb3 b6 16. a4 a5 17. Rfe1 Bxg2 18. Kxg2 Nd6 19. Rxe7 Rxe7 20. Re1 Rxe1
21. Nxe1 Nc4 22. Qc2 Nd8 23. Nd2 Nxd2 24. Qxd2 Qxa4 25. Qe3 Ne6 26. Qe5 Qb5 27.
Nf3 h6 28. Nh4 Qxb2 29. Qxd5 Qxc3 30. Qd7 Qxd4 31. Qe8+ Nf8 32. Nf5 Qd5+ 33.
Kg1 Qxf5 0-1

[Event "Torneo Nuevo Centro. Jornada 7"]
[Site "Chess.com"]
[Date "2020.07.31"]
[Round "6"]
[White "Chofre Murcia, Adrián"]
[Black "Portillo Torrente, Manuel"]
[Result "0-1"]
[WhiteElo "1642"]
[BlackElo "1430"]
[PlyCount "72"]
[EventDate "2020.??.??"]

1. e4 g6 2. Nc3 d6 3. Nf3 Bg7 4. d4 a6 5. Bd2 c6 6. a3 Bg4 7. h3 Bd7 8. Bd3 Nf6
9. O-O O-O 10. Bg5 Qc8 11. Kh2 Re8 12. Qd2 c5 13. Bxf6 Bxf6 14. e5 dxe5 15.
dxe5 Bg7 16. Nd5 Nc6 17. Be4 Nxe5 18. Nxe5 Bxe5+ 19. g3 Bxh3 20. Nb6 Qg4 21.
Nxa8 Bxf1 22. Rxf1 Qxe4 23. Nb6 Qf3 24. Nc4 Bxg3+ 25. fxg3 Qxf1 26. Ne3 Qf3 27.
Ng2 e5 28. Nh4 Qh5 29. Kg2 e4 30. Qd7 Qe5 31. Qxb7 e3 32. Nf3 Qe4 33. Qd7 e2
34. Kh2 e1=Q 35. Nxe1 Qxe1 36. Kh3 Qe6+ 0-1

[Event "Torneo Nuevo Centro. Jornada 7"]
[Site "Chess.com"]
[Date "2020.07.31"]
[Round "6"]
[White "Ursariu, Nikolas Victor"]
[Black "Gukasov, Artem"]
[Result "0-1"]
[WhiteElo "1033"]
[BlackElo "1528"]
[PlyCount "76"]
[EventDate "2020.??.??"]

1. e4 e6 2. d4 d5 3. exd5 exd5 4. Nf3 Nf6 5. Nc3 Bb4 6. Bd2 O-O 7. Bd3 Re8+ 8.
Ne2 Bxd2+ 9. Qxd2 Bg4 10. Qf4 Qe7 11. h3 Bxf3 12. Qxf3 Qb4+ 13. c3 Qxb2 14. Rb1
Qxa2 15. Rb2 Qa3 16. Rxb7 Qxc3+ 17. Kf1 Qd2 18. Kg1 Nc6 19. Rxc7 Nb4 20. Rb7
Nxd3 21. Rb3 Qxe2 22. Rxd3 Qxf3 23. Rxf3 h6 24. Kh2 a5 25. Ra1 a4 26. Kg1 Reb8
27. Kf1 Nd7 28. Ke1 Nb6 29. Kd1 Nc4 30. Kc2 Rb2+ 31. Kc3 a3 32. Rf5 a2 33. Rxd5
Rb1 34. Rxb1 axb1=Q 35. Kxc4 Qc2+ 36. Kb5 Rb8+ 37. Ka6 Qa2+ 38. Ra5 Qb3 0-1

[Event "Torneo Nuevo Centro. Jornada 7"]
[Site "Chess.com"]
[Date "2020.07.31"]
[Round "6"]
[White "Escalona Moncholi, Felix"]
[Black "Roca Cruz, Rafael"]
[Result "1-0"]
[WhiteElo "2043"]
[BlackElo "1810"]
[PlyCount "41"]
[EventDate "2020.??.??"]

1. e4 c5 2. Nf3 e6 3. d4 cxd4 4. Nxd4 Nf6 5. Nc3 Bb4 6. e5 Nd5 7. Bd2 Nxc3 8.
bxc3 Be7 9. Bd3 d6 10. f4 O-O 11. Qh5 g6 12. Qh6 dxe5 13. fxe5 Qd5 14. Nf3 f5
15. h4 Rf7 16. h5 Bf8 17. Qf4 Nc6 18. hxg6 hxg6 19. Ke2 Bg7 20. c4 Qd8 21. Bc3
1-0

[Event "Torneo Nuevo Centro. Jornada 7"]
[Site "Chess.com"]
[Date "2020.07.31"]
[Round "6"]
[White "Sendra Tormo, Juan"]
[Black "Granero Roca, Antonio"]
[Result "0-1"]
[WhiteElo "2290"]
[BlackElo "2467"]
[PlyCount "68"]
[EventDate "2020.??.??"]

1. d4 Nf6 2. Bg5 Ne4 3. h4 d5 4. Nd2 h6 5. Nxe4 dxe4 6. Bf4 Bf5 7. f3 c6 8. g4
Bg6 9. Bg2 exf3 10. Nxf3 Nd7 11. c4 e6 12. h5 Be4 13. Qd2 Qb6 14. a3 O-O-O 15.
Qe3 Nf6 16. b4 Bxf3 17. c5 Qb5 18. Bxf3 Nd5 19. Bxd5 Rxd5 20. Qc3 Qa4 21. e4
Rd7 22. O-O Be7 23. Rab1 Rhd8 24. Rfd1 f6 25. Be3 a6 26. Rf1 e5 27. d5 cxd5 28.
exd5 Rxd5 29. b5 Qxg4+ 30. Kf2 Rd3 31. Qc1 Qh4+ 32. Kg2 R8d4 33. Bxd4 Qg3+ 34.
Kh1 Rxd4 0-1

[Event "Torneo Nuevo Centro. Jornada 7"]
[Site "Chess.com"]
[Date "2020.07.31"]
[Round "6"]
[White "Jordan Martinez, David"]
[Black "Cayon Pelaez, Pablo"]
[Result "0-1"]
[WhiteElo "1844"]
[BlackElo "1812"]
[PlyCount "64"]
[EventDate "2020.??.??"]

1. e4 e5 2. Nf3 Nc6 3. Bc4 Bc5 4. c3 Nf6 5. d4 exd4 6. O-O O-O 7. cxd4 Bb6 8.
e5 d5 9. exf6 dxc4 10. d5 Nb4 11. fxg7 Re8 12. Nc3 Bf5 13. Bg5 Qd7 14. a3 Nd3
15. b3 cxb3 16. Qd2 b2 17. Rab1 Nxf2 18. Rxf2 Bxb1 19. Nxb1 Bxf2+ 20. Kxf2 Qb5
21. Bf6 Qb6+ 22. Bd4 Qb3 23. Bxb2 Rad8 24. Nc3 Qb6+ 25. Kf1 c6 26. d6 Qb3 27.
Ng5 Qc4+ 28. Kg1 Qc5+ 29. Kh1 Rxd6 30. Qc1 Qxg5 31. Qg1 Rd2 32. Nd1 Re1 0-1

[Event "Torneo Nuevo Centro. Jornada 7"]
[Site "Chess.com"]
[Date "2020.07.31"]
[Round "6"]
[White "Serrano Requena, Guillem"]
[Black "Rodriguez Rodriguez, Joan David"]
[Result "0-1"]
[WhiteElo "1357"]
[BlackElo "1648"]
[PlyCount "84"]
[EventDate "2020.??.??"]

1. d4 d5 2. Nf3 Nf6 3. Bg5 Nbd7 4. c4 e6 5. cxd5 exd5 6. Nc3 c6 7. e3 Be7 8.
Bd3 h6 9. Bh4 O-O 10. O-O Re8 11. Rc1 a5 12. Bg3 Nb6 13. Ne5 Bd6 14. a3 h5 15.
Rb1 Ng4 16. b4 Nxe5 17. dxe5 Bxe5 18. Bxe5 Rxe5 19. Re1 Bg4 20. f3 Bd7 21. h3
Qe7 22. e4 dxe4 23. Bxe4 Nc4 24. Qe2 Nxa3 25. Rb3 axb4 26. Bh7+ Kxh7 27. Qxe5
Qxe5 28. Rxe5 bxc3 29. Rxh5+ Kg6 30. Rh4 c2 31. Kh2 c1=Q 32. Rbb4 Qe1 33. Rhd4
c5 34. Rxd7 cxb4 35. Rxb7 Rb8 36. Ra7 Rc8 37. Ra6+ f6 38. Ra5 Rc2 39. Rd5 Qe2
40. Rg5+ Kxg5 41. h4+ Kg6 42. Kh3 Qxg2# 0-1

[Event "Torneo Nuevo Centro. Jornada 7"]
[Site "Chess.com"]
[Date "2020.07.31"]
[Round "6"]
[White "Orts Tomás, Marc"]
[Black "Yuste Valenzuela, Alejandro"]
[Result "0-1"]
[WhiteElo "1767"]
[BlackElo "1902"]
[PlyCount "76"]
[EventDate "2020.??.??"]

1. c4 e5 2. g3 g6 3. Bg2 Bg7 4. Nc3 Nc6 5. Nf3 d6 6. O-O Nge7 7. Rb1 O-O 8. b4
f5 9. b5 Nb8 10. Bb2 Be6 11. d3 f4 12. Ng5 Bd7 13. Bxb7 Nf5 14. Nge4 fxg3 15.
Nxg3 Qg5 16. Bxa8 c6 17. bxc6 Bxc6 18. Bxc6 Nxc6 19. Nce4 Qh4 20. Bc1 Ncd4 21.
Bg5 Qg4 22. Kg2 Nxg3 23. hxg3 h6 24. Be3 Nf5 25. Bd2 Nd4 26. e3 Nf3 27. Bb4
Nh4+ 28. Kg1 Nf3+ 29. Kg2 Nh4+ 30. Kh2 Nf3+ 31. Qxf3 Qxf3 32. Bxd6 Qh5+ 33. Kg2
Qf3+ 34. Kg1 Rf5 35. Rb8+ Kh7 36. Nd2 Qe2 37. Ne4 Rh5 38. d4 Qf3 0-1

[Event "Torneo Nuevo Centro. Jornada 7"]
[Site "Chess.com"]
[Date "2020.07.31"]
[Round "6"]
[White "Vega Gutiérrez, Sabrina"]
[Black "Fernández Martin, Carlos"]
[Result "1-0"]
[WhiteElo "2152"]
[BlackElo "1803"]
[PlyCount "93"]
[EventDate "2020.??.??"]

1. e4 c5 2. Nf3 d6 3. d4 c4 4. Bxc4 Nc6 5. O-O Nf6 6. e5 dxe5 7. dxe5 Qxd1 8.
Rxd1 Ne4 9. e6 fxe6 10. Nbd2 Nd6 11. Bb3 h6 12. Nh4 Bd7 13. Ng6 Rg8 14. Nf3
O-O-O 15. Bf4 Nf5 16. a3 Na5 17. Ba2 Nd6 18. Nfe5 Kc7 19. b4 Nc6 20. Nf7 Re8
21. Nxd6 exd6 22. Nxf8 e5 23. Bxg8 Rxf8 24. Bd5 Rxf4 25. c3 Ne7 26. Bf3 e4 27.
Be2 Nf5 28. g3 Rf3 29. Bxf3 exf3 30. Re1 h5 31. h4 Nh6 32. Re3 Ng4 33. Rxf3 Bc6
34. Rf7+ Kb6 35. Rxg7 Ne5 36. f4 Nf3+ 37. Kf2 Nd2 38. Ke3 Nc4+ 39. Kd4 Nd2 40.
c4 Nb3+ 41. Kc3 Nxa1 42. f5 Be8 43. f6 d5 44. cxd5 a5 45. f7 Bxf7 46. Rxf7
axb4+ 47. axb4 1-0

[Event "Torneo Nuevo Centro. Jornada 7"]
[Site "Chess.com"]
[Date "2020.07.31"]
[Round "6"]
[White "Zamora Soler, Raul"]
[Black "Amorós Pérez, Manuel David"]
[Result "1-0"]
[WhiteElo "1867"]
[BlackElo "1637"]
[PlyCount "129"]
[EventDate "2020.??.??"]

1. e4 d5 2. exd5 Qxd5 3. Nc3 Qd8 4. Nf3 Bf5 5. d3 e6 6. Be2 Nf6 7. Bg5 Be7 8.
O-O c6 9. Ne5 Nbd7 10. Nxd7 Nxd7 11. Bxe7 Qxe7 12. Bf3 Nb6 13. Re1 Qb4 14. Qc1
O-O 15. a3 Qd4 16. Be4 Bxe4 17. Rxe4 Qd6 18. Qf4 Qxf4 19. Rxf4 Nd5 20. Nxd5
cxd5 21. Rb4 b6 22. Kf1 Rac8 23. c3 Rc6 24. Ke2 h6 25. a4 Rfc8 26. Kd2 f6 27.
a5 e5 28. axb6 axb6 29. Ra7 Rb8 30. Rb5 Rd6 31. f3 Kh7 32. Ra6 Kg6 33. g3 h5
34. b3 Kf5 35. c4 dxc4 36. bxc4 Rbd8 37. Rb3 Rc8 38. Raxb6 Rd7 39. Ke3 Rcd8 40.
h3 g5 41. g4+ hxg4 42. hxg4+ Kg6 43. Rc6 Rd4 44. c5 R4d5 45. Rc3 R8d7 46. Rc8
f5 47. Rc6+ Kf7 48. gxf5 Rd4 49. Rh6 R7d5 50. c6 Rd8 51. c7 Rc8 52. Rcc6 Ra4
53. Rh7+ Kg8 54. Rd7 Raa8 55. Ke4 Re8 56. f6 Kf8 57. Kf5 e4 58. dxe4 Rac8 59.
Kxg5 Ra8 60. Rcd6 Ra5+ 61. Rd5 Raa8 62. Rd8 Kf7 63. R5d7+ Ke6 64. Rxe8+ Kxd7
65. Rxa8 1-0

[Event "Torneo Nuevo Centro. Jornada 7"]
[Site "Chess.com"]
[Date "2020.07.31"]
[Round "6"]
[White "Romera Navia, Alberto"]
[Black "Birnoveanu, Petru"]
[Result "1-0"]
[WhiteElo "1873"]
[BlackElo "1663"]
[PlyCount "137"]
[EventDate "2020.??.??"]

1. e4 Nc6 2. Bb5 g6 3. Nf3 Bg7 4. h4 a6 5. Bxc6 bxc6 6. h5 d5 7. e5 Bg4 8. hxg6
hxg6 9. Rxh8 Bxh8 10. d4 c5 11. c3 cxd4 12. Qa4+ Qd7 13. Qxd7+ Kxd7 14. cxd4 c5
15. Be3 Bxf3 16. gxf3 Rb8 17. b3 e6 18. f4 cxd4 19. Bxd4 Ne7 20. Nc3 Nc6 21.
Bc5 f6 22. exf6 Bxf6 23. Rc1 Bxc3+ 24. Rxc3 Rb5 25. Be3 d4 26. Rd3 Rd5 27. a3
dxe3 28. Rxe3 Rd4 29. Ke2 Rxf4 30. Rg3 Rf6 31. Ke3 Kd6 32. f4 e5 33. fxe5+ Nxe5
34. Ke4 Nd7 35. Rd3+ Ke6 36. Rc3 g5 37. Rc6+ Ke7 38. Rc7 Kd6 39. Ra7 Nc5+ 40.
Kd4 Rf4+ 41. Kc3 Rf3+ 42. Kc4 Kc6 43. Rg7 Rf4+ 44. Kc3 g4 45. b4 Ne4+ 46. Kd3
Nd6 47. Ke3 Rf3+ 48. Ke2 Rxa3 49. Rxg4 Ra4 50. Kd2 Kb5 51. Kc3 Ra3+ 52. Kb2 Rf3
53. Rg6 Nc4+ 54. Kc2 Ra3 55. Rg8 Kxb4 56. Rb8+ Kc5 57. Rc8+ Kb5 58. Rb8+ Nb6
59. Kb2 Rg3 60. Rf8 a5 61. Rf5+ Kb4 62. Rf4+ Nc4+ 63. Kc2 a4 64. Rf8 Rg2+ 65.
Kb1 Kb3 66. Rf3+ Kb4 67. Rf4 a3 68. Ka1 Re2 69. Rd4 1-0

[Event "Torneo Nuevo Centro. Jornada 7"]
[Site "Chess.com"]
[Date "2020.07.31"]
[Round "6"]
[White "Montesinos Diaz, Luis"]
[Black "Donate Moreno, Silvia"]
[Result "1-0"]
[WhiteElo "1817"]
[BlackElo "1955"]
[PlyCount "99"]
[EventDate "2020.??.??"]

1. d4 Nf6 2. Nf3 g6 3. Bg5 Bg7 4. Nbd2 d6 5. c3 O-O 6. e4 Nc6 7. Bc4 Qe8 8. O-O
e5 9. Re1 h6 10. Bh4 Nh5 11. Bb5 a6 12. Ba4 Bd7 13. Bb3 exd4 14. cxd4 Nxd4 15.
Nxd4 Bxd4 16. g4 Nf4 17. Qf3 Ne6 18. Nc4 b5 19. Ne3 Bg7 20. Nd5 Qc8 21. Ne7+
Kh7 22. Nxc8 Raxc8 23. Bf6 Nd4 24. Bxd4 Bxd4 25. Rad1 c5 26. Bd5 Bxb2 27. Qg3
Be5 28. f4 Bd4+ 29. Kh1 Bc6 30. Bxc6 Rxc6 31. e5 dxe5 32. fxe5 Re6 33. Qf4 Kg7
34. h4 Rd8 35. Rf1 Rd7 36. Rfe1 Rd5 37. Rf1 Rd7 38. g5 h5 39. Rde1 Rde7 40. Re4
Bxe5 41. Qf3 c4 42. Rfe1 c3 43. Rxe5 Rxe5 44. Qf6+ Kg8 45. Rxe5 Rxe5 46. Qxe5
c2 47. Qc3 c1=Q+ 48. Qxc1 a5 49. Qc5 b4 50. Qxa5 1-0